[Event "ENCI Limburg-open C"]
[Site "Maastricht"]
[Date "2012.05.28"]
[Round "6"]
[White "Kroon, Joppe"]
[Black "Conte, Roberto"]
[Result "1-0"]
[WhiteElo "1053"]
[BlackElo "1368"]
[PlyCount "45"]
[EventDate "2012.05.25"]
[EventType "swiss"]
[EventRounds "7"]
[EventCountry "NED"]
[Source "P.Boonen"]
[SourceDate "2013.01.01"]

1. e4 e5 2. Nf3 Nc6 3. d4 exd4 4. Bc4 Bc5 5. O-O Nf6 6. e5 Ng4 7. Bf4 O-O 8. h3
Nh6 9. Bxh6 gxh6 10. Qd2 d5 11. Bd3 Kh8 12. Qxh6 f5 13. a3 Qe7 14. Nh4 Nxe5 15.
Re1 Rf6 16. Qg5 Bd6 17. f4 h6 18. Qg3 Bd7 19. fxe5 Rg8 20. exf6 Bxg3 21. Rxe7
Bxh4 22. Rxd7 Bxf6 23. Bxf5 1-0

[Event "ENCI Limburg-open C"]
[Site "Maastricht"]
[Date "2012.05.28"]
[Round "6"]
[White "Kroon, Mike"]
[Black "Arns, Danny"]
[Result "1-0"]
[WhiteElo "1598"]
[BlackElo "1530"]
[PlyCount "45"]
[EventDate "2012.05.25"]
[EventType "swiss"]
[EventRounds "7"]
[EventCountry "NED"]
[Source "P.Boonen"]
[SourceDate "2013.01.01"]

1. e4 e6 2. d4 d5 3. Nc3 Bb4 4. e5 c5 5. Bd2 cxd4 6. Nb5 Bc5 7. b4 Be7 8. Qg4
g6 9. Nxd4 h5 10. Bb5+ Bd7 11. Qe2 a6 12. Bxd7+ Nxd7 13. Ngf3 Nb6 14. O-O Nc4
15. c3 g5 16. Qd3 g4 17. Nxe6 fxe6 18. Qg6+ Kd7 19. Nd4 Rh7 20. Qxe6+ Kc7 21.
Qg6 Kc8 22. Qxh7 Nxd2 23. Rfd1 1-0

[Event "ENCI Limburg-open C"]
[Site "Maastricht"]
[Date "2012.05.28"]
[Round "6"]
[White "Lambrechts, Anne"]
[Black "Lemmens, Paul"]
[Result "0-1"]
[WhiteElo "1410"]
[BlackElo "1333"]
[PlyCount "86"]
[EventDate "2012.05.25"]
[EventType "swiss"]
[EventRounds "7"]
[EventCountry "NED"]
[Source "P.Boonen"]
[SourceDate "2013.01.01"]

1. Nf3 e6 2. c4 f5 3. g3 Nf6 4. Bg2 g6 5. Nc3 Bg7 6. O-O O-O 7. e3 d6 8. d4
Nbd7 9. b3 Rb8 10. Bb2 Qe7 11. Re1 h6 12. Qd2 a6 13. e4 fxe4 14. Nxe4 b5 15.
cxb5 axb5 16. Qc2 Nb6 17. Ned2 Nfd5 18. Qxg6 Rf6 19. Qb1 Bb7 20. Ne4 Rf7 21.
Nh4 Nf6 22. Ng6 Qe8 23. Qc2 Nbd5 24. a4 Nb4 25. Qd1 bxa4 26. bxa4 Bc6 27. Bc3
Nfd5 28. a5 Nxc3 29. Nxc3 Bxg2 30. Kxg2 Qc6+ 31. Ne4 Nc2 32. Rb1 Nxe1+ 33. Qxe1
Rxb1 34. Qxb1 Bxd4 35. f3 d5 36. Nd2 Qc3 37. Qa2 Qe3 38. Nf4 Qf2+ 39. Kh3 Be3
40. Nxe6 Qxd2 41. Qxd2 Bxd2 42. a6 Be3 43. f4 c5 0-1

[Event "ENCI Limburg-open C"]
[Site "Maastricht"]
[Date "2012.05.28"]
[Round "6"]
[White "Mollema, Henk"]
[Black "Halfhide, Sebastian"]
[Result "1/2-1/2"]
[WhiteElo "1493"]
[BlackElo "1119"]
[PlyCount "69"]
[EventDate "2012.05.25"]
[EventType "swiss"]
[EventRounds "7"]
[EventCountry "NED"]
[Source "P.Boonen"]
[SourceDate "2013.01.01"]

1. e4 d5 2. exd5 Qxd5 3. Nc3 Qa5 4. d4 c6 5. Nf3 Nf6 6. Bd2 Qc7 7. Bd3 Bg4 8.
h3 Bh5 9. g4 Bg6 10. Qe2 e6 11. O-O-O Nbd7 12. Bxg6 hxg6 13. Ng5 Nb6 14. Qf3
Bd6 15. Nce4 Nxe4 16. Nxe4 Nc4 17. Nxd6+ Qxd6 18. Bc3 Qc7 19. d5 cxd5 20. Bxg7
Rg8 21. Bf6 Kd7 22. Rhe1 Rae8 23. Rd3 Qa5 24. Bc3 Qxa2 25. Kd1 Qb1+ 26. Ke2
Qxc2+ 27. Kf1 f5 28. g5 Nd6 29. h4 Ne4 30. Re2 Qa4 31. Be5 Rgf8 32. Kg2 Rc8 33.
Ra3 Qd1 34. Rxa7 Rc1 35. Rxb7+ 1/2-1/2

[Event "ENCI Limburg-open C"]
[Site "Maastricht"]
[Date "2012.05.28"]
[Round "6"]
[White "Orbons, Richard"]
[Black "Beissel, Daniel"]
[Result "1-0"]
[WhiteElo "1668"]
[BlackElo "1611"]
[PlyCount "73"]
[EventDate "2012.05.25"]
[EventType "swiss"]
[EventRounds "7"]
[EventCountry "NED"]
[Source "P.Boonen"]
[SourceDate "2013.01.01"]

1. Nf3 d5 2. c4 d4 3. b4 Bf5 4. d3 e6 5. a3 c5 6. g3 Nd7 7. Bg2 a5 8. bxc5 Nxc5
9. Bb2 a4 10. Nxd4 Qb6 11. Ra2 Ne7 12. O-O Nc6 13. Nxc6 bxc6 14. Bd4 Qc7 15.
Nd2 f6 16. Qc2 e5 17. Bc3 Be7 18. Rb1 O-O 19. Rab2 Nb3 20. Nxb3 axb3 21. Rxb3
Bxa3 22. Rb7 Qd6 23. R1b6 Rfc8 24. Qb1 Bc5 25. Bb4 Bxb4 26. Rxb4 Bg4 27. c5 Qe6
28. Qc2 Ra2 29. Rb2 Ra1+ 30. Rb1 Ra2 31. R7b2 Ra5 32. Rb8 Qe7 33. Qc4+ Kf8 34.
Qxg4 Rxb8 35. Rxb8+ Kf7 36. Qh5+ g6 37. Qxh7+ 1-0

[Event "ENCI Limburg-open C"]
[Site "Maastricht"]
[Date "2012.05.28"]
[Round "6"]
[White "Oxener, Aldo"]
[Black "Overtoom, Reinier"]
[Result "0-1"]
[WhiteElo "1513"]
[BlackElo "1705"]
[PlyCount "76"]
[EventDate "2012.05.25"]
[EventType "swiss"]
[EventRounds "7"]
[EventCountry "NED"]
[Source "P.Boonen"]
[SourceDate "2013.01.01"]

1. d4 Nf6 2. Nf3 g6 3. Bg5 Bg7 4. Nbd2 O-O 5. e4 d6 6. Bd3 Nbd7 7. O-O c5 8. c3
Re8 9. Qb3 a6 10. Bc4 Rf8 11. a4 b6 12. Rfe1 e5 13. dxe5 dxe5 14. Rad1 Qc7 15.
Re2 Bb7 16. Bd5 Rab8 17. c4 Bc8 18. Nf1 h6 19. Bh4 Nh5 20. Red2 Ndf6 21. Qc3
Re8 22. Bg3 Nxg3 23. Nxg3 Kf8 24. b4 Ng8 25. b5 axb5 26. cxb5 Ne7 27. Qc4 Nxd5
28. exd5 f5 29. d6 Qd7 30. Nh4 Re6 31. Ne2 Bb7 32. Nc3 Rd8 33. Nd5 Bxd5 34.
Qxd5 e4 35. Qc6 Bd4 36. Qxb6 Rxd6 37. Qa5 Bxf2+ 38. Kxf2 Rxd2+ 0-1

[Event "ENCI Limburg-open C"]
[Site "Maastricht"]
[Date "2012.05.28"]
[Round "6"]
[White "Roemhild, Wolfgang"]
[Black "Veelenturf, Wim"]
[Result "1-0"]
[WhiteElo "1691"]
[BlackElo "1690"]
[PlyCount "59"]
[EventDate "2012.05.25"]
[EventType "swiss"]
[EventRounds "7"]
[EventCountry "NED"]
[Source "P.Boonen"]
[SourceDate "2013.01.01"]

1. e4 c6 2. d4 d5 3. e5 Bf5 4. Ne2 e6 5. Ng3 Bg6 6. Be2 c5 7. c3 Nc6 8. O-O
Nge7 9. Be3 Nf5 10. Qd2 Be7 11. Nxf5 Bxf5 12. Na3 a6 13. Nc2 c4 14. Ne1 h6 15.
g4 Bh7 16. f4 Qd7 17. Ng2 Be4 18. h3 O-O-O 19. b3 b5 20. a4 Qb7 21. axb5 axb5
22. bxc4 dxc4 23. Ne1 g5 24. Nf3 Kc7 25. d5 exd5 26. Nd4 Nxd4 27. Qxd4 Ra8 28.
e6 fxe6 29. f5 Ra6 30. Qxh8 1-0

[Event "ENCI Limburg-open C"]
[Site "Maastricht"]
[Date "2012.05.28"]
[Round "6"]
[White "Schoffelen, Jan"]
[Black "Wilde, Christian"]
[Result "1-0"]
[WhiteElo "1359"]
[BlackElo "1185"]
[PlyCount "120"]
[EventDate "2012.05.25"]
[EventType "swiss"]
[EventRounds "7"]
[EventCountry "NED"]
[Source "P.Boonen"]
[SourceDate "2013.01.01"]

1. d4 Nf6 2. c4 g6 3. Nf3 Bg7 4. h3 d6 5. Nc3 d5 6. cxd5 Nxd5 7. e4 Nxc3 8.
bxc3 c5 9. e5 cxd4 10. cxd4 O-O 11. Bd2 Nc6 12. Be3 a6 13. Bd3 Be6 14. O-O b5
15. Be4 Bd5 16. Bxd5 Qxd5 17. Qd2 f6 18. Bh6 fxe5 19. Bxg7 Kxg7 20. Rfd1 exd4
21. Nxd4 Nxd4 22. Qxd4+ Qxd4 23. Rxd4 Rfd8 24. Rb4 Rac8 25. a4 Rc2 26. axb5
axb5 27. Rxb5 Rdd2 28. Rf1 Re2 29. Rb3 Kf6 30. Rf3+ Kg7 31. Kh2 e5 32. Kg3 h5
33. Re3 Rcd2 34. Rxe2 Rxe2 35. Kf3 Ra2 36. h4 Kf6 37. Rc1 e4+ 38. Kg3 Ra3+ 39.
Kf4 Ra2 40. Rf1 Ra4 41. Re1 e3+ 42. Kxe3 Rxh4 43. Rc1 Ra4 44. Rc5 Ra3+ 45. Kf4
Ra4+ 46. Kg3 h4+ 47. Kh3 g5 48. f3 Ra1 49. Rc4 Rh1+ 50. Kg4 Rg1 51. Rc6+ Ke5
52. Kh3 Rh1+ 53. Kg4 Rg1 54. Rc5+ Kf6 55. Rf5+ Ke6 56. Rxg5 Rxg2+ 57. Kxh4 Rh2+
58. Kg3 Kf6 59. Ra5 Rh8 60. Kf2 Rh2+ {.....} 1-0

[Event "ENCI Limburg-open C"]
[Site "Maastricht"]
[Date "2012.05.28"]
[Round "6"]
[White "Slangen Knuit, Dien"]
[Black "De Ridder, Gertie"]
[Result "0-1"]
[WhiteElo "1117"]
[BlackElo "1121"]
[PlyCount "84"]
[EventDate "2012.05.25"]
[EventType "swiss"]
[EventRounds "7"]
[EventCountry "NED"]
[Source "P.Boonen"]
[SourceDate "2013.01.01"]

1. d4 d5 2. e3 Nf6 3. c4 e6 4. cxd5 exd5 5. Nc3 Bb4 6. a3 Bxc3+ 7. bxc3 O-O 8.
Bb2 Bf5 9. Nf3 Nbd7 10. Be2 Ne4 11. Rc1 c6 12. O-O b5 13. a4 Rb8 14. Ra1 bxa4
15. Ba3 Re8 16. Qxa4 Nxc3 17. Qa6 Qb6 18. Qxb6 Nxe2+ 19. Kh1 Rxb6 20. h3 Nc3
21. Kg1 Reb8 22. Nd2 Nf6 23. f3 Nb1 24. Bc1 Nxd2 25. Bxd2 Bd3 26. Rfe1 a6 27.
Rac1 Nh5 28. Kh2 Bb5 29. e4 Re8 30. exd5 Rxe1 31. Rxe1 cxd5 32. Ba5 Re6 33. Rc1
h6 34. Rg1 Re2 35. Bc7 f6 36. Bd6 g5 37. Rc1 Nf4 38. Rc8+ Kf7 39. Rf8+ Ke6 40.
Bxf4 gxf4 41. Re8+ Kf7 42. Rxe2 Bxe2 0-1

[Event "ENCI Limburg-open C"]
[Site "Maastricht"]
[Date "2012.05.28"]
[Round "6"]
[White "Uiterwijk, Jos"]
[Black "Ulburghs, Piet"]
[Result "1/2-1/2"]
[WhiteElo "1577"]
[BlackElo "1650"]
[PlyCount "106"]
[EventDate "2012.05.25"]
[EventType "swiss"]
[EventRounds "7"]
[EventCountry "NED"]
[Source "P.Boonen"]
[SourceDate "2013.01.01"]

1. e4 c5 2. Nf3 e6 3. d4 cxd4 4. Nxd4 a6 5. Be2 Nc6 6. O-O Qc7 7. Nf3 Nf6 8.
Bd3 Be7 9. Nbd2 b5 10. b3 Bb7 11. Bb2 d6 12. c4 Nb4 13. Qe2 Nxd3 14. Qxd3 Bc6
15. Nd4 d5 16. Nxc6 bxc4 17. bxc4 Qxc6 18. cxd5 exd5 19. Rac1 dxe4 20. Rxc6
exd3 21. Re1 Kd7 22. Rc3 Rhe8 23. Rxd3+ Bd6 24. Rxe8 Rxe8 25. Kf1 Re6 26. Nc4
Ne8 27. Ba3 Kc7 28. Bxd6+ Nxd6 29. Nxd6 Rxd6 30. Ke2 Rc6 31. Kd2 h5 32. Rc3
Rxc3 33. Kxc3 g5 34. h3 f5 35. f3 Kc6 36. Kc4 Kd6 37. Kd4 h4 38. a3 Ke6 39. a4
a5 40. Kc5 Ke5 41. Kb5 Kf4 42. Kxa5 Kg3 43. Kb4 Kxg2 44. a5 Kxh3 45. a6 g4 46.
fxg4 fxg4 47. a7 g3 48. a8=Q Kh2 49. Qb8 h3 50. Qe5 Kg2 51. Qe2+ Kg1 52. Qe3+
Kg2 53. Qe2+ Kg1 1/2-1/2

[Event "ENCI Limburg-open C"]
[Site "Maastricht"]
[Date "2012.05.28"]
[Round "6"]
[White "Van Dael, Siem"]
[Black "Stiefel, Marika"]
[Result "1-0"]
[WhiteElo "1127"]
[BlackElo "1645"]
[PlyCount "71"]
[EventDate "2012.05.25"]
[EventType "swiss"]
[EventRounds "7"]
[EventCountry "NED"]
[Source "P.Boonen"]
[SourceDate "2013.01.01"]

1. e4 c5 2. d4 cxd4 3. c3 d3 4. Bxd3 d6 5. Nf3 Bg4 6. O-O a6 7. Bc4 Nc6 8. Qb3
e6 9. Qxb7 Na5 10. Qb4 Nxc4 11. Qxc4 Qc8 12. Na3 Qxc4 13. Nxc4 Bxf3 14. gxf3
Ne7 15. Nxd6+ Kd7 16. Rd1 Rg8 17. Nxf7+ Kc6 18. Bf4 Ng6 19. Nd8+ Kb6 20. Be3+
Kc7 21. Nxe6+ Kb7 22. Rd7+ Kc6 23. Rc7+ Kd6 24. f4 Kxe6 25. f5+ Kd6 26. Bb6 Ne5
27. Rd1+ Nd3 28. Rxd3+ Ke5 29. f3 h5 30. Kg2 g5 31. Kg3 h4+ 32. Kg4 Bc5 33.
Bxc5 Rgd8 34. Rcd7 Rxd7 35. Rxd7 Rc8 36. Bd4# 1-0

[Event "ENCI Limburg-open C"]
[Site "Maastricht"]
[Date "2012.05.28"]
[Round "6"]
[White "Van Ginneken, Jos"]
[Black "Ousmane, Tijany"]
[Result "1/2-1/2"]
[WhiteElo "1566"]
[BlackElo "1519"]
[PlyCount "36"]
[EventDate "2012.05.25"]
[EventType "swiss"]
[EventRounds "7"]
[EventCountry "NED"]
[Source "P.Boonen"]
[SourceDate "2013.01.01"]

1. e4 c6 2. d4 d5 3. e5 Bf5 4. Bd3 Bxd3 5. Qxd3 e6 6. Nf3 Nd7 7. O-O Rc8 8. Be3
Qb6 9. b3 Qc7 10. c3 a6 11. a4 c5 12. Nbd2 cxd4 13. Bxd4 Ne7 14. Rfe1 Nc6 15.
Qe3 Be7 16. Ng5 h6 17. Nh3 Nf8 18. f4 Nxd4 1/2-1/2

[Event "ENCI Limburg-open C"]
[Site "Maastricht"]
[Date "2012.05.28"]
[Round "6"]
[White "Vossen, Martijn"]
[Black "Rosenbrand, Stefan"]
[Result "1-0"]
[WhiteElo "1656"]
[BlackElo "1381"]
[PlyCount "118"]
[EventDate "2012.05.25"]
[EventType "swiss"]
[EventRounds "7"]
[EventCountry "NED"]
[Source "P.Boonen"]
[SourceDate "2013.01.01"]

1. e4 c5 2. Nf3 d6 3. c3 Nf6 4. d3 Nc6 5. Bg5 e6 6. Na3 Be7 7. Nc2 h6 8. Bxf6
Bxf6 9. d4 cxd4 10. Ncxd4 O-O 11. Qc2 a6 12. Rd1 Qc7 13. Be2 b6 14. Nxc6 Qxc6
15. Nd4 Qc7 16. O-O Bb7 17. Bf3 Rac8 18. g3 b5 19. Qb3 Qc4 20. Qxc4 Rxc4 21.
Rfe1 e5 22. Nf5 Rd8 23. Nxd6 Rc7 24. Nxb7 Rxd1 25. Bxd1 Rxb7 26. Bb3 Rd7 27.
Rd1 Rxd1+ 28. Bxd1 Be7 29. b4 Kf8 30. Kf1 Ke8 31. Ke2 Kd7 32. a4 Kc6 33. Kd3
Bg5 34. Bb3 bxa4 35. Bxf7 a3 36. Kc2 Kb5 37. h4 Be7 38. Kb3 a5 39. Be8+ Kb6 40.
Kxa3 axb4+ 41. cxb4 Bd6 42. Kb3 Kc7 43. Kc4 Kd8 44. Bg6 Ke7 45. h5 Kd7 46. b5
Kc7 47. Kd5 Kd7 48. f3 Bc7 49. b6 Bxb6 50. Kxe5 Bc7+ 51. Kf5 Bxg3 52. Bf7 Bd6
53. e5 Be7 54. Kg6 Bf8 55. Kh7 Ke7 56. Kg8 g5 57. e6 g4 58. fxg4 Kf6 59. Kxf8
Kg5 1-0

[Event "ENCI Limburg-open C"]
[Site "Maastricht"]
[Date "2012.05.28"]
[Round "6"]
[White "Warmerdam, Max"]
[Black "Krug, Franz Dieter"]
[Result "1-0"]
[WhiteElo "1648"]
[BlackElo "1540"]
[PlyCount "105"]
[EventDate "2012.05.25"]
[EventType "swiss"]
[EventRounds "7"]
[EventCountry "NED"]
[Source "P.Boonen"]
[SourceDate "2013.01.01"]

1. e4 e5 2. Nf3 d6 3. Nc3 Nf6 4. d4 exd4 5. Nxd4 Be7 6. Bg5 Nbd7 7. Qd2 Ne5 8.
O-O-O a6 9. f4 Ng6 10. Bc4 Nh5 11. Bxe7 Nxe7 12. f5 Nc6 13. g4 Ne5 14. Be2 Nf6
15. g5 Nfg4 16. Qf4 Nf2 17. Qxf2 Qxg5+ 18. Kb1 Bd7 19. Rhg1 Qh6 20. Nf3 Nc6 21.
Qg3 O-O-O 22. Qxg7 Qe3 23. Qg5 Qf2 24. Qg2 Qb6 25. Nd5 Qa5 26. Qf2 Rhe8 27. Bd3
b5 28. Nd4 Kb7 29. Nxc6 Bxc6 30. Rg7 Re5 31. Rxf7 Bxd5 32. exd5 Rde8 33. c3 Qa4
34. Bc2 Qa5 35. Rxh7 Re2 36. Qd4 Rg2 37. Be4 Re2 38. Bd3 Re1 39. Bc2 R1e2 40.
f6 Rxc2 41. Kxc2 Qxa2 42. Rd2 Re1 43. Re7 Rb1 44. Ree2 Rxb2+ 45. Kd3 Qb1+ 46.
Ke3 Qg1+ 47. Kf4 Qf1+ 48. Rf2 Qc1 49. Qe3 Rb3 50. Rb2 Rxb2 51. Qxc1 Rxf2+ 52.
Kg5 Rxh2 53. f7 1-0

[Event "ENCI Limburg-open C"]
[Site "Maastricht"]
[Date "2012.05.28"]
[Round "7"]
[White "Arns, Danny"]
[Black "Kalkman de Koster, Franzke"]
[Result "1-0"]
[WhiteElo "1530"]
[BlackElo "1623"]
[PlyCount "83"]
[EventDate "2012.05.25"]
[EventType "swiss"]
[EventRounds "7"]
[EventCountry "NED"]
[Source "P.Boonen"]
[SourceDate "2013.01.01"]

1. e4 c5 2. Nf3 Nc6 3. d4 cxd4 4. Nxd4 e5 5. Nb5 d6 6. c4 a6 7. N5a3 Nf6 8. Nc3
Be7 9. Be3 Rb8 10. f3 O-O 11. Nd5 b5 12. cxb5 axb5 13. Bxb5 Nxd5 14. Qxd5 Na5
15. b4 Be6 16. Qd3 Nb7 17. O-O d5 18. exd5 Bxd5 19. Nc2 Bf6 20. a4 e4 21. fxe4
Bxa1 22. exd5 Bf6 23. Bc6 Qc7 24. Qe4 Be5 25. g3 Bd6 26. Ra1 Nd8 27. b5 Nxc6
28. dxc6 Rfe8 29. Qf3 Qa5 30. Qg4 Bc7 31. Bd4 Be5 32. Bxe5 Rxe5 33. Qb4 Qb6+
34. Qd4 Qc7 35. Rd1 Re7 36. Ne3 g6 37. Nd5 Qd8 38. Nf6+ Kf8 39. Qxd8+ Rxd8 40.
Rxd8+ Kg7 41. Nd5 Re1+ 42. Kf2 1-0

[Event "ENCI Limburg-open C"]
[Site "Maastricht"]
[Date "2012.05.28"]
[Round "7"]
[White "Been, Klaas"]
[Black "Havenith, Julia"]
[Result "1-0"]
[WhiteElo "1738"]
[BlackElo "1377"]
[PlyCount "124"]
[EventDate "2012.05.25"]
[EventType "swiss"]
[EventRounds "7"]
[EventCountry "NED"]
[Source "P.Boonen"]
[SourceDate "2013.01.01"]

1. d4 Nf6 2. Nf3 g6 3. e3 Bg7 4. Bd3 O-O 5. Nbd2 d6 6. O-O Nbd7 7. b3 b6 8. Qe2
c5 9. Bb2 Bb7 10. e4 cxd4 11. Bxd4 e5 12. Bb2 Nc5 13. c4 Nxd3 14. Qxd3 Qe7 15.
Rad1 Rfd8 16. Ba3 Rd7 17. Ne1 Rad8 18. f3 Ne8 19. Nc2 Nc7 20. Ne3 Bh6 21. Rf2
Bxe3 22. Qxe3 Ne6 23. g3 Nc5 24. Nb1 Ne6 25. Bb2 Qg5 26. Qxg5 Nxg5 27. Kg2 Kf8
28. Nc3 Bc6 29. Nd5 Bxd5 30. Rxd5 Ne6 31. Rfd2 Nc7 32. R5d3 Na6 33. Ba3 Ke7 34.
Rd5 f6 35. f4 Nc7 36. R5d3 exf4 37. gxf4 Ne6 38. Kf3 Nc7 39. Bb2 Ne8 40. h4 Ke6
41. Rh2 Ng7 42. Rd5 Rf8 43. f5+ gxf5 44. exf5+ Nxf5 45. Re2+ Kf7 46. Rxf5 Kg6
47. Rd5 Kf7 48. Ba3 Rfd8 49. h5 a6 50. Kf4 Re7 51. Red2 Re5 52. Rxd6 Rxd6 53.
Rxd6 Ra5 54. Bb2 Rxa2 55. Rxf6+ Ke7 56. Bd4 Rf2+ 57. Bxf2 Kxf6 58. Kg4 b5 59.
cxb5 axb5 60. b4 Ke6 61. Kg5 Kf7 62. Bd4 Kg8 1-0

[Event "ENCI Limburg-open C"]
[Site "Maastricht"]
[Date "2012.05.28"]
[Round "7"]
[White "Beissel, Daniel"]
[Black "Bratuszewski, Jorden"]
[Result "0-1"]
[WhiteElo "1611"]
[BlackElo "1623"]
[PlyCount "106"]
[EventDate "2012.05.25"]
[EventType "swiss"]
[EventRounds "7"]
[EventCountry "NED"]
[Source "P.Boonen"]
[SourceDate "2013.01.01"]

1. d4 d6 2. Nf3 Nf6 3. Nbd2 Bg4 4. e4 Nbd7 5. c3 Rc8 6. Bd3 c6 7. Qb3 Bxf3 8.
Nxf3 Qb6 9. O-O Qxb3 10. axb3 a6 11. b4 e6 12. Re1 Be7 13. h3 O-O 14. e5 dxe5
15. dxe5 Nd5 16. Ng5 Bxg5 17. Bxg5 Rfe8 18. Rad1 N7b6 19. Bc1 Red8 20. Re4 Rd7
21. Rd4 Rcd8 22. Bg5 Re8 23. c4 Nxb4 24. Bxh7+ Kxh7 25. Rxd7 Nxd7 26. Rxd7 Kg6
27. Be7 Nd3 28. Rxb7 Nxe5 29. c5 a5 30. Bd6 Nc4 31. Rc7 Nxb2 32. Rxc6 Nc4 33.
Bf4 Ra8 34. Rc7 a4 35. Rd7 a3 36. Rd1 e5 37. Be3 Nxe3 38. fxe3 a2 39. Ra1 Kf6
40. Kf2 Ke6 41. Ke2 Kd5 42. c6 Kxc6 43. e4 Kc5 44. Kd3 Kb4 45. Kc2 Kc4 46. Kb2
Kd3 47. Rd1+ Kxe4 48. Ka1 Ra7 49. Re1+ Kf5 50. g4+ Kf4 51. Re2 e4 52. h4 Kf3
53. Re1 e3 0-1

[Event "ENCI Limburg-open C"]
[Site "Maastricht"]
[Date "2012.05.28"]
[Round "7"]
[White "Beukema, Christiaan"]
[Black "Havenith, Michael"]
[Result "1/2-1/2"]
[WhiteElo "1146"]
[BlackElo "1691"]
[PlyCount "148"]
[EventDate "2012.05.25"]
[EventType "swiss"]
[EventRounds "7"]
[EventCountry "NED"]
[Source "P.Boonen"]
[SourceDate "2013.01.01"]

1. e4 c6 2. d4 d5 3. Nc3 dxe4 4. Nxe4 Bf5 5. Ng3 Bg6 6. Bf4 Nd7 7. Nf3 Ngf6 8.
Be2 e6 9. O-O Be7 10. Bd3 O-O 11. c4 c5 12. Bxg6 hxg6 13. h3 cxd4 14. Qxd4 Bc5
15. Qc3 Qb6 16. Be3 Bxe3 17. fxe3 Rac8 18. b3 Nd5 19. Qd4 Nxe3 20. Qxb6 Nxb6
21. Rfc1 Rfd8 22. Kf2 Nf5 23. Ne4 Rc7 24. g4 Ne7 25. Rd1 Rcd7 26. Rxd7 Rxd7 27.
Rc1 Nc6 28. Ke3 Kf8 29. h4 Ke7 30. g5 f5 31. gxf6+ gxf6 32. Rg1 Kf7 33. Nc5 Rc7
34. Rf1 Nd8 35. Ne4 f5 36. Ne5+ Kg7 37. Nd6 Rc5 38. Kd4 Ra5 39. a4 Nc6+ 40.
Nxc6 bxc6 41. Nb7 e5+ 42. Kc3 Nxa4+ 43. bxa4 Rxa4 44. Kb3 Ra6 45. c5 Kh6 46.
Rd1 Kh5 47. Rd6 Ra1 48. Kb2 Ra4 49. Nd8 Rxh4 50. Nxc6 Rc4 51. Rd5 e4 52. Nxa7
Kg4 53. c6 Kf3 54. Nb5 e3 55. Rd3 Kf2 56. Nd4 e2 57. Nxe2 Rxc6 58. Nf4 g5 59.
Nh3+ Ke2 60. Rd5 g4 61. Nf4+ Kf3 62. Rxf5 Ke4 63. Rf7 g3 64. Ng2 Rh6 65. Rf4+
Ke5 66. Rg4 Rh2 67. Rxg3 Rh8 68. Kc3 Rd8 69. Re3+ Kf5 70. Nh4+ Kf4 71. Re1 Kg4
72. Ng6 Kf3 73. Ne5+ Kf2 74. Nd3+ Rxd3+ 1/2-1/2

[Event "ENCI Limburg-open C"]
[Site "Maastricht"]
[Date "2012.05.28"]
[Round "7"]
[White "Boer, Jan"]
[Black "Orbons, Richard"]
[Result "1/2-1/2"]
[WhiteElo "1730"]
[BlackElo "1668"]
[PlyCount "37"]
[EventDate "2012.05.25"]
[EventType "swiss"]
[EventRounds "7"]
[EventCountry "NED"]
[Source "P.Boonen"]
[SourceDate "2013.01.01"]

1. d4 Nf6 2. c4 g6 3. Nc3 Bg7 4. e4 d6 5. f4 O-O 6. Be2 c5 7. d5 e6 8. Nf3 a6
9. a4 exd5 10. cxd5 Re8 11. Nd2 Nbd7 12. O-O Rb8 13. a5 b5 14. axb6 Nxb6 15.
Bf3 Nfd7 16. Re1 c4 17. Nf1 Nc5 18. Be3 Nd3 19. Re2 1/2-1/2

[Event "ENCI Limburg-open C"]
[Site "Maastricht"]
[Date "2012.05.28"]
[Round "7"]
[White "Chang, Hawkie"]
[Black "Roemhild, Wolfgang"]
[Result "1-0"]
[WhiteElo "1581"]
[BlackElo "1691"]
[PlyCount "49"]
[EventDate "2012.05.25"]
[EventType "swiss"]
[EventRounds "7"]
[EventCountry "NED"]
[Source "P.Boonen"]
[SourceDate "2013.01.01"]

1. e4 e5 2. Nf3 Nc6 3. d4 exd4 4. Nxd4 d6 5. Nc3 Bd7 6. Be3 Nge7 7. Be2 Qc8 8.
O-O Ng6 9. f4 Be7 10. Qd2 Bg4 11. Bxg4 Qxg4 12. Rf3 O-O 13. Raf1 Qd7 14. b3 Kh8
15. Rh3 Nxd4 16. Bxd4 c5 17. Bxg7+ Kxg7 18. f5 h5 19. fxg6 f6 20. Rf5 Rh8 21.
Rfxh5 Rxh5 22. Rxh5 Kxg6 23. Qh6+ Kf7 24. Qh7+ Ke8 25. Qg6+ 1-0

[Event "ENCI Limburg-open C"]
[Site "Maastricht"]
[Date "2012.05.28"]
[Round "7"]
[White "Conte, Roberto"]
[Black "Elisen, Peter"]
[Result "0-1"]
[WhiteElo "1368"]
[BlackElo "1431"]
[PlyCount "76"]
[EventDate "2012.05.25"]
[EventType "swiss"]
[EventRounds "7"]
[EventCountry "NED"]
[Source "P.Boonen"]
[SourceDate "2013.01.01"]

1. e4 d6 2. f4 Nf6 3. Nc3 e5 4. Nf3 Nbd7 5. Bc4 Be7 6. d4 exd4 7. Qxd4 c5 8.
Qf2 Nb6 9. Be2 Ng4 10. Qg3 O-O 11. f5 Ne5 12. Bh6 Nxf3+ 13. Qxf3 gxh6 14. O-O-O
Bg5+ 15. Kb1 Qf6 16. Qg3 Qe5 17. Qf2 Bd7 18. Rhf1 Bf6 19. Qe3 Bg5 20. Qf3 Bf6
21. Rd3 c4 22. Qg4+ Kh8 23. Rh3 Rg8 24. Qh5 Na4 25. Qxh6 Rg7 26. Rd1 Nxc3+ 27.
Rxc3 b5 28. Bf3 b4 29. Rd5 Qe7 30. Rxc4 Rc8 31. Rxb4 Rgg8 32. Rb7 Rb8 33. Rxd7
Rxb2+ 34. Kc1 Bg5+ 35. Kd1 Qxd7 36. Rxd6 Rb1+ 37. Ke2 Qb5+ 38. Kf2 Qf1+ 0-1

[Event "ENCI Limburg-open C"]
[Site "Maastricht"]
[Date "2012.05.28"]
[Round "7"]
[White "De Boer, Guus"]
[Black "Vossen, Martijn"]
[Result "1/2-1/2"]
[WhiteElo "1647"]
[BlackElo "1656"]
[PlyCount "80"]
[EventDate "2012.05.25"]
[EventType "swiss"]
[EventRounds "7"]
[EventCountry "NED"]
[Source "P.Boonen"]
[SourceDate "2013.01.01"]

1. d4 d6 2. c4 Nf6 3. Nf3 g6 4. Bf4 c6 5. e3 Bg7 6. Bd3 O-O 7. O-O Nbd7 8. Nc3
Nh5 9. Bg5 Nhf6 10. e4 e5 11. d5 Nc5 12. b4 Nxd3 13. Qxd3 Qc7 14. Rfd1 c5 15.
bxc5 Qxc5 16. Rab1 Ng4 17. Rb2 f6 18. Bh4 f5 19. h3 Nf6 20. Ng5 Re8 21. Kh1 h6
22. Ne6 Bxe6 23. dxe6 Nxe4 24. Nxe4 fxe4 25. Qxe4 g5 26. Bg3 b6 27. Qd5 Qxd5
28. cxd5 Rac8 29. Rdd2 Rc5 30. f3 Rec8 31. Bf2 Rc1+ 32. Kh2 e4 33. Bd4 exf3 34.
Bxg7 fxg2 35. Kxg2 Kxg7 36. Rf2 R1c7 37. Rbe2 Re7 38. Rf5 Rf8 39. Ref2 Rxf5 40.
Rxf5 Kg6 1/2-1/2

[Event "ENCI Limburg-open C"]
[Site "Maastricht"]
[Date "2012.05.28"]
[Round "7"]
[White "De Coninck, Erik"]
[Black "Bauchmueller, Heinrich"]
[Result "1-0"]
[WhiteElo "1389"]
[BlackElo "1447"]
[PlyCount "67"]
[EventDate "2012.05.25"]
[EventType "swiss"]
[EventRounds "7"]
[EventCountry "NED"]
[Source "P.Boonen"]
[SourceDate "2013.01.01"]

1. c4 e5 2. g3 f5 3. Bg2 Nf6 4. d3 Be7 5. Nf3 Nc6 6. O-O h6 7. Nc3 Nd4 8. Nxe5
d6 9. Ng6 Rg8 10. Nd5 Nc6 11. b4 Kf7 12. Ngxe7 Nxe7 13. Nxf6 Kxf6 14. Bb2+ Kg6
15. b5 Rb8 16. a4 b6 17. e3 Bb7 18. Qe2 Bxg2 19. Kxg2 d5 20. e4 dxc4 21. exf5+
Kh7 22. dxc4 Nxf5 23. a5 Kh8 24. Rfd1 Qf8 25. axb6 cxb6 26. Qh5 Kh7 27. Rxa7
Qc5 28. Rd5 Qxc4 29. Qxf5+ Kh8 30. Rdd7 Rbf8 31. Bxg7+ Rxg7 32. Qxf8+ Qg8 33.
Qxg8+ Kxg8 34. Rxg7+ 1-0